|
|
|
|
| LEADER |
00000nam a2200000 a 4500 |
| 001 |
vtls008336101 |
| 003 |
SK-MaSNL |
| 005 |
20260301164715.0 |
| 008 |
181127s1959 xo 000 slo |
| 015 |
|
|
|a SKSNBA1960/02-00226
|
| 035 |
|
|
|a SK01SNK19600028318
|
| 035 |
|
|
|a SKM000030781
|
| 040 |
|
|
|a SNK
|b slo
|c SNK
|e AACR2
|
| 041 |
1 |
|
|a slo
|
| 044 |
|
|
|a xo
|c SK
|
| 080 |
|
|
|a 613.28(035)
|2 1981
|
| 100 |
1 |
|
|a Hudec, I.
|4 aut
|9 532486
|
| 245 |
1 |
0 |
|a Hygiena potravín živočíšneho pôvodu
|c [autori:] I. Hudec, R. Vojáček, J. Uherko
|
| 260 |
|
|
|a Bratislava
|b Slovenské vydavateľstvo pôdohospodárskej literatúry
|c 1959
|e Bratislava
|f Pravda
|
| 300 |
|
|
|a 83, [4] s.
|c 8°
|
| 500 |
|
|
|a Tab.
|
| 563 |
|
|
|a 1600 výtl.
|
| 650 |
0 |
7 |
|a potraviny živočíšneho pôvodu
|2 SNKPH
|9 20748
|
| 650 |
0 |
7 |
|a hygiena potravín
|2 SNKPH
|9 2487
|
| 655 |
|
7 |
|a príručky
|2 SNKPH
|9 74364
|
| 700 |
1 |
|
|a Vojáček, Rafael
|4 aut
|9 532487
|
| 700 |
1 |
|
|a Uherko, J.
|4 aut
|9 532488
|
| 852 |
|
|
|a Slovenská národná knižnica v Martine
|b 10000
|h SD 17953
|
| 852 |
|
|
|a Slovenská národná knižnica v Martine
|b 10000
|h SD 17953 D1
|
| 958 |
|
|
|a OND
|
| 958 |
|
|
|a TL
|
| 958 |
|
|
|a RK
|
| 958 |
|
|
|a ME
|
| 999 |
|
|
|c 821537
|d 823467
|
| 952 |
|
|
|a SNK
|b SNK
|y PREZ
|7 0
|p 17A0626891
|o snkSD 17953
|i snkKSP 3815/59
|0 0
|1 0
|4 0
|d 2009-09-07
|l 0
|r 2025-12-02 00:00:00
|w 2026-02-24
|